Informe de Amnistía Internacional sobre la situación de los derechos humanos en los países centroamericanos durante 1987/
Informe de Amnistía Internacional sobre la situación de los derechos humanos en Guatemala, El Salvador, Honduras y Nicaragua. La violación de tales derechos por parte de las fuerzas de seguridad de estos estados así como de las Fuerzas Armadas sobre la población civil y líderes políticos opositores...
Shranjeno v:
| Drugi avtorji: | |
|---|---|
| Format: | Texto |
| Jezik: | Spanish |
| Teme: | |
| Oznake: |
Označite
Brez oznak, prvi označite!
|
MARC
| LEADER | 00000 a a2200000 04500 | ||
|---|---|---|---|
| 003 | cru CIDCACS/IIS | ||
| 005 | 20231109152701.0 | ||
| 008 | 200417s1989 sp |||p|r|||||| ||spa|d | ||
| 040 | |c cru CIDCACS/IIS | ||
| 245 | |a Informe de Amnistía Internacional sobre la situación de los derechos humanos en los países centroamericanos durante 1987/ | ||
| 300 | |a páginas 419-432 | ||
| 500 | |a Colección Centroamérica | ||
| 520 | |a Informe de Amnistía Internacional sobre la situación de los derechos humanos en Guatemala, El Salvador, Honduras y Nicaragua. La violación de tales derechos por parte de las fuerzas de seguridad de estos estados así como de las Fuerzas Armadas sobre la población civil y líderes políticos opositores, o de grupos de presión como sindicatos. Las desapariciones, los arrestos, las torturas y las malas condiciones de las cárceles son las principales denuncias. AR/JM | ||
| 650 | 0 | |a DERECHOS HUMANOS |9 38 | |
| 650 | 0 | |a TORTURA |9 1527 | |
| 650 | 0 | |a PRISIONEROS |9 3528 | |
| 650 | 0 | |a VIOLENCIA |9 133 | |
| 650 | 0 | |a TERRORISMO |9 845 | |
| 650 | 0 | |a FUERZAS ARMADAS |9 70 | |
| 651 | 0 | |9 308 |a CENTROAMERICA | |
| 700 | 1 | |9 5914 |a Coraggio, José Luis | |
| 773 | 0 | |0 43058 |9 4524 |a Asociación de Investigación y Especialización sobre temas Iberoamericanos |d Madrid: AIETI, 1987- |o 23038 |t Sintesis: |x 02137577 | |
| 942 | |2 ddc |c PP | ||
| 999 | |c 43081 |d 43081 | ||
